MARC

LEADER 00000nam a2200000Ia 4500
001 12484
008 160829s1990 xx 000 0 cat d
080 |a B-1-208 
100 |a Barbáchano, Carlos  |9 37031 
245 |a Luis Buñuel / Carlos Barbáchano; traducció de Jaume Aubareda 
260 |a Barcelona :  |b Edicions 62 :  |b Caixa de Catalunya,  |c 1990 
300 |a 217 p. :  |b  il. ;  |c 21 cm 
490 |a Col·lecció Pere Vergés de biografies ; 2 
590 |a Edició amb la col·laboració de la Fundació Pere Vergés 
650 |a Buñuel, Luis  |9 37032 
700 1 |a Aubareda, Jaume  |9 35931 
700 |a Fundació Pere Vergés  |9 21045 
710 2 |a Caixa de Catalunya  |9 53090 
901 |a Arxiu 
942 |n 1 
952 |0 0  |1 0  |4 0  |6 B1208  |7 1  |9 47611  |a Arxiu  |b Arxiu  |d 2016-12-01  |l 0  |o B-1-208  |p 12484  |r 2016-12-01 00:00:00  |w 2016-12-01  |y ARXIU 
999 |c 51410  |d 51410